Statistics for 100 Most Downloaded levels in Geometry Dash

Click here to take the quiz!

General Stats

  • This quiz has been taken 2 times
  • The average score is 14 of 100

Answer Stats

Level% Correct
back on track rm
100%
bloodbath
100%
bloodlust
100%
back on track v2
50%
buck force
50%
cataclysm
50%
dark paradise
50%
dinosaur
50%
dry out rm
50%
flappy hexagon
50%
outerspace
50%
phantom
50%
promises
50%
retray
50%
shock
50%
sonar
50%
stereo madness v2
50%
the lightning rod
50%
the nightmare
50%
ufogeist
50%
ufo madness
50%
ufo on track
50%
x
50%
xstep v2
50%
acid factory
0%
adrift
0%
almighty
0%
amplification
0%
anubis
0%
aquarius
0%
auto cycles
0%
auto play area
0%
chambers
0%
colorz
0%
crescendo
0%
darkness
0%
dear nostalgists
0%
death moon
0%
decode
0%
demon park
0%
divine
0%
dorabaebasic4
0%
dorabaebasic5
0%
dreamland
0%
easy
0%
electroworld
0%
endless
0%
end of line
0%
extinction
0%
fernanfloo
0%
fernanfloo 2
0%
fernanfloo 3
0%
first race
0%
flappy bird
0%
flappy ufo
0%
frontline full
0%
ghoul
0%
glitter madness 2k15
0%
golden club
0%
hexagon hyperdrive
0%
high hill
0%
highscore
0%
ichor
0%
infernal arena
0%
kappaclysm
0%
laser room
0%
level easy
0%
lucid dream
0%
lustre
0%
mind control
0%
mystery dungeon
0%
nine circles
0%
ocean of dreams
0%
overture
0%
payload
0%
platinum adventure
0%
polargeist v01
0%
problematic
0%
remake level 2
0%
schade
0%
secrets
0%
sidestep
0%
simple cloud
0%
slam
0%
sonic wave
0%
space travel
0%
speed racer
0%
spooky light
0%
square adventure
0%
stereo madness X
0%
sunset
0%
supersonic
0%
theory of every v2
0%
the world
0%
through time
0%
unity
0%
warmth
0%
yatagarasu
0%
ystep
0%

Score Distribution

Percentile by Number Answered

Percent of People with Each Score

Your Score History

You have not taken this quiz